| 000 | 01124nam a2200301 i 4500 | ||
|---|---|---|---|
| 003 | DO-SdBNP | ||
| 005 | 20260321073646.0 | ||
| 007 | ta | ||
| 008 | 240409b2013 dr a|||| |||| 00| 0 spa d | ||
| 020 | _a9789945488111 | ||
| 040 |
_aDO-SdBNP _bspa _cBNPHU _erda |
||
| 041 | _aspa | ||
| 082 | 4 |
_a923.27293 _bB742s _222 |
|
| 100 | 1 |
_aSoto Rodríguez, José Antonio _eautor _4aut. _985182 |
|
| 245 | 1 | 0 |
_aJuan Bosch : _bsu pensamiento humanista, caribeño y universal / _cJosé Antonio Soto Rodríguez, |
| 264 | 4 |
_aSanto Domingo : _bEdiciones Angeles de Fierro, _c©2013. |
|
| 300 |
_a150 páginas : _bilustraciones ; _c23 cm. |
||
| 336 |
_atexto _btxt _2rdacontent |
||
| 337 |
_asin mediación _bn _2rdamedia |
||
| 338 |
_avolumen _bnc _2rdacarrier |
||
| 500 | _aIncluye datos biográficos del autor en la contracubierta | ||
| 504 | _aBibliografía : páginas 141-150 | ||
| 590 | _aInventariado, 2025/BT | ||
| 600 | 1 | 0 |
_a Bosch, Juan, _d1909-2001 _xPensamiento político y social _976555 |
| 651 | 7 |
_aRepública Dominicana _vBiografías _2LEMB _91083 |
|
| 910 | _aBtavárez/Validado. Control de calidad MFF | ||
| 942 |
_2ddc _cLBS1 |
||
| 999 |
_c56310 _d56310 |
||